Stress time: rhythm in conversation

محفوظ في:
التفاصيل البيبلوغرافية
المؤلف الرئيسي: Mortimer, Colin (مؤلف)
التنسيق: كتاب
اللغة:الإنجليزية
منشور في: Cambridge Cambridge University 1976
الموضوعات:
الوسوم: إضافة وسم
لا توجد وسوم, كن أول من يضع وسما على هذه التسجيلة!

MARC

LEADER 00000nam a2200000 a 4500
001 UCQ3309
003 CL-VaPUC
008 980817e19760000uk |||||||||||||||||eng|d
082 0 4 |a 421.52  |b MOR  |2 21 
100 |a Mortimer, Colin  |e author  |9 481909 
245 1 0 |a Stress time: rhythm in conversation 
300 |a 32 p 
942 |c BK 
945 |d 19980817 00:00:00  |a crobeson 
260 |a Cambridge  |b Cambridge University  |c 1976 
650 0 |a Inglés  |9 260023 
650 7 |a PRONUNCIACION  |2 CL-VaPUC  |9 371723 
650 0 |a Fonética  |9 308371 
650 0 |a Enseñanza de idiomas  |9 339820 
650 0 |a Educación lingüística  |9 306506 
583 |a last modification  |c 20130806 08:24:00  |k Rodrigo Vera 
999 |c 307235  |d 307233 
952 |0 0  |1 0  |4 0  |6 421_520000000000000_MOR_1976  |7 0  |8 A  |9 373002  |a BIBEDU  |b BIBEDU  |d 2019-11-21  |i 1455354  |o 421.52 MOR 1976  |p 1455354  |r 2019-11-21  |w 2019-11-21  |y BK  |k LIT